[Event "DOM-chT"]
[Site "Santiago de los Caballeros"]
[Date "2017.08.20"]
[Round "6.4"]
[White "Reyes Capellan, Elby"]
[Black "Fuentes, Carlos"]
[Result "1/2-1/2"]
[WhiteElo "2085"]
[BlackElo "2106"]
[PlyCount "32"]
[EventDate "2017.08.17"]
[EventType "team-swiss"]
[EventRounds "6"]
[EventCountry "DOM"]
[SourceTitle "EXT 2019"]
[Source "ChessBase"]
[SourceDate "2018.10.10"]
[SourceVersion "1"]
[SourceVersionDate "2018.10.10"]
[SourceQuality "1"]
[WhiteTeam "Therrestra Espaillat"]
[BlackTeam "San Pedro de Macoris"]
[WhiteTeamCountry "DOM"]
[BlackTeamCountry "DOM"]

1. d4 Nf6 2. Nf3 e6 3. g3 b6 4. Bg2 Bb7 5. c4 Be7 6. 0-0 0-0 7. Nc3 d5 8. Ne5 Nbd7 9. Qa4 Nxe5 10. dxe5 Ne4 11. Nxe4 dxe4 12. Rd1 Qe8 13. Qxe8 Rfxe8 14. Be3 Rad8 15. Kf1 Rxd1+ 16. Rxd1 Rd8 1/2-1/2

[Event "Santiago Esucomex op"]
[Site "Santiago de Chile"]
[Date "1998.??.??"]
[Round "8"]
[White "Cueto Chajtur, Johny"]
[Black "Fuentes, Carlos"]
[Result "1-0"]
[WhiteElo "2200"]
[BlackElo "2165"]
[PlyCount "93"]
[EventDate "1998.??.??"]
[EventType "swiss"]
[EventRounds "9"]
[EventCountry "CHI"]
[SourceTitle "EXT 1999"]
[Source "ChessBase"]
[SourceDate "1998.11.16"]
[SourceVersion "1"]
[SourceVersionDate "1998.11.16"]
[SourceQuality "1"]

1. d4 d5 2. e3 Nf6 3. Bd3 g6 4. Nd2 Bg7 5. Ngf3 c5 6. c3 b6 7. Ne5 Nfd7 8. f4 Nxe5 9. fxe5 c4 10. Bc2 a6 11. 0-0 0-0 12. e4 Bb7 13. Qg4 Ra7 14. Nf3 b5 15. Qh4 dxe4 16. Bxe4 f6 17. Bxb7 Rxb7 18. Bh6 Nd7 19. Rae1 Nb6 20. Re2 Nd5 21. Ref2 Qd7 22. Ng5 Rbb8 23. Bxg7 fxg5 24. Rxf8+ Rxf8 25. Rxf8+ Kxg7 26. Qf2 Nf4 27. Ra8 b4 28. h3 bxc3 29. bxc3 Qb7 30. Qf3 Qb1+ 31. Kh2 Qxa2 32. h4 h6 33. hxg5 hxg5 34. Qb7 Kh6 35. Rh8+ Kg7 36. Re8 Kh6 37. Rxe7 g4 38. Rh7+ Kg5 39. Qe7+ Kf5 40. Rf7+ Ke4 41. Qb7+ Ke3 42. Kg3 Ne2+ 43. Kxg4 Qa1 44. e6 Kd2 45. Rf2 Qxc3 46. Rxe2+ Kxe2 47. Qf3+ 1-0